| 000 | 00605nam a2200121Ia 4500 | ||
|---|---|---|---|
| 008 | 220615s9999||||xx |||||||||||||| ||und|| | ||
| 245 | 0 |
_aCLADAG 2021 BOOK OF ABSTRACTS AND SHORT PAPERS _b13th Scientific Meeting of the Classification and Data Analysis Group - Firenze, September 9-11, 2021 |
|
| 546 | _aEnglish[eng] | ||
| 650 | _aApplied Data Analysis||Classification Theory||Data Science||Statistical Learning||Statistical Models | ||
| 700 | _aPORZIO, Giovanni Camillo||RAMPICHINI, CARLA||Bocci, Chiara | ||
| 856 | _uhttps://library.oapen.org/bitstream/20.500.12657/55697/1/9788855183406.pdf | ||
| 942 | _cEB | ||
| 999 |
_c19023 _d19023 |
||